Phát triển năng lực tạo lập văn bản nghị luận bằng biện pháp phân tích mẫu cho học sinh THCS : Luận văn thạc sĩ Khoa học Giáo dục ngành. Lý luận và Phương pháp dạy học bộ môn Văn và tiếng Việt

Đề tài chúng tôi thực hiện với mục đích nghiên cứu phương pháp dạy học bằng biện pháp phân tích mẫu đạt được hiệu quả như thế nào đối với việc phát triển năng lực tạo lập văn bản nghị luận cho học sinh THCS. Hiện nay, năng lực tạo l...

Description complète

Enregistré dans:
Détails bibliographiques
Auteur principal: Huỳnh, Minh Khánh
Format: Livre
Langue:Undetermined
Publié: Cần Thơ Trường Đại học Cần Thơ 2019
Sujets:
Tags: Ajouter un tag
Pas de tags, Soyez le premier à ajouter un tag!
Thư viện lưu trữ: Trung tâm Học liệu Trường Đại học Cần Thơ
LEADER 01821nam a2200241Ia 4500
001 CTU_233268
008 210402s9999 xx 000 0 und d
082 |a 495.9220712 
082 |b Kh107 
088 |a 8140111 
100 |a Huỳnh, Minh Khánh 
245 0 |a Phát triển năng lực tạo lập văn bản nghị luận bằng biện pháp phân tích mẫu cho học sinh THCS : 
245 0 |b Luận văn thạc sĩ Khoa học Giáo dục ngành. Lý luận và Phương pháp dạy học bộ môn Văn và tiếng Việt 
245 0 |c Huỳnh Minh Khánh ; Nguyễn Hoa Bằng (Hướng dẫn khoa học) 
260 |a Cần Thơ 
260 |b Trường Đại học Cần Thơ 
260 |c 2019 
520 |a Đề tài chúng tôi thực hiện với mục đích nghiên cứu phương pháp dạy học bằng biện pháp phân tích mẫu đạt được hiệu quả như thế nào đối với việc phát triển năng lực tạo lập văn bản nghị luận cho học sinh THCS. Hiện nay, năng lực tạo lập văn bản nghị luận cho học sinh còn nhiều hạn chế, để khắc phục những hạn chế đó đòi hỏi giáo viên cần có những phương pháp dạy học phù hợp. Vì vậy, chúng tôi lựa chọn biện pháp phân tích mẫu nhằm giúp cho học sinh phát triển được năng lực tạo lập văn bản nghị luận. 
650 |a Ngữ văn,Philology 
650 |x Dạy và học (Trung học),Study and teaching (Secondary) 
910 |b tvtrong 
910 |c tvtrong,tvtrong 
980 |a Trung tâm Học liệu Trường Đại học Cần Thơ